Normal view
MARC view
- ALERICH,WALTER N
Entry Personal Name
001 - CONTROL NUMBER
- control field: 62349
003 - CONTROL NUMBER IDENTIFIER
- control field: NUST
005 - DATE AND TIME OF LATEST TRANSACTION
- control field: 20210628202927.0
008 - FIXED-LENGTH DATA ELEMENTS
- fixed length control field: 210628|| aca||aabn | a|a d
040 ## - CATALOGING SOURCE
- Original cataloging agency: NUST
- Transcribing agency: NUST
100 ## - HEADING--PERSONAL NAME
- Personal name: ALERICH,WALTER N
670 ## - SOURCE DATA FOUND
- Source citation: Work cat.: (NUST): ALERICH,WALTER N, ELECTRICITY 3 , DC MOTORS & GENERATORS CONTROLS TRANSFORMERS, 1981
